LEADER 01007nam a2200241 u 4500 001 000000121100 003 CaOOAMICUS 005 20100409105751.0 008 100409t1975 it u000 u ita r 040 $aPUL$bita$dMCT 100 1 $aBonomi, Andrea,$d1940-$0(OLS)http://pul/name/13522 245 13$aLe vie del riferimento :$buna ricerca filosofica /$cAndrea Bonomi. 260 $aMilano :$bBompiani,$c©1975. 300 $a142 p. ;$c22 cm 490 1 $aStudi Bompiani ;$v16 500 $aComprende bibliografia e indice analitico. 650 4$aFilosofia$xStudi$ySec. XIX-XX.$0(OLS)http://pul/subject/22083 830 0$aStudi Bompiani ;$v16.$0(OLS)http://pul/title/76462 850 $aPUL 852 $aPUL$W1$xDP1 Filosofia 1$y19$m587 L 28$j138852$qStampati$B138092$CPULBib$Z2$F138092 $H63873 $82 941 1 $a8 996 $6245$aLe vie del riferimento :$buna ricerca filosofica$9(OLS)http://pul/title/152295 996 $6260$aMilano :$bBompiani$9(OLS)http://pul/publisher/48240 LEADER 01551namaa2200349 a 4500 001 000000177083 003 CaOOAMICUS 005 20240716155910.0 008 240716s2019 it 000 u ita r 020 $a978-88-6515-152-5* 032 $aLibriCat 040 $aPUL$bita 082 1 $a363.325 100 1 $aMei, Enrico.$0(OLS)http://pul/name/48793 245 10$aTerrorismo :$bantropo-fenomenologia, profili criminologici e giuridici /$cEnrico Mei. 250 $a1.ed. 260 $aRoma :$bSocietą editrice universo,$c©2019. 300 $a268 pagine ;$c26 cm 440 0$aCollana di scienze medico-giuridiche ;$v1 504 $aBibliografia in nota a pič pagina. 650 4$aTerrorismo.$0(OLS)http://pul/subject/6249 650 4$aCriminologia$vManuali, trattati, ecc.$0(OLS)http://pul/subject/33933 830 0$aCollana di scienze medico-giuridiche ;$v1.$0(OLS)http://pul/title/217926 850 $aPUL 852 $aPUL$W1$xSL Diritto e Scienze Sociali 3$y79$m303. 625 MEIEN 1$j201081$qDDC 21$B206043$CPULBib$Z2$F206043 $H137294 $82 941 1 $a9 996 $6020$a978-88-6515-152-5*$9(OLS)http://pul/number/169947 996 $6082$a363.325$9(OLS)http://pul/classification/3518 996 $6245$aTerrorismo :$bantropo-fenomenologia, profili criminologici e giuridici$9(OLS)http://pul/title/218603 996 $6440$aCollana di scienze medico-giuridiche$9(OLS)http://pul/title/217926 996 $6260$aRoma :$bSocietą editrice universo$9(OLS)http://pul/publisher/65649